MATERIALS MANAGEMENT (Record no. 22752)

MARC details
000 -LEADER
fixed length control field 00246nam a22001217a 4500
003 - CONTROL NUMBER IDENTIFIER
control field SGT
082 ## - DEWEY DECIMAL CLASSIFICATION NUMBER
Classification number 658.7
Item number VAR
100 ## - MAIN ENTRY--PERSONAL NAME
Personal name VARMA, M.M.
245 ## - TITLE STATEMENT
Title MATERIALS MANAGEMENT
260 ## - PUBLICATION, DISTRIBUTION, ETC. (IMPRINT)
Place of publication, distribution, etc DELHI
Name of publisher, distributor, etc S.CHAND
Year of Publication 1987
300 ## - PAGE DESCRIPTION
No. of Pages 434
942 ## - ADDED ENTRY ELEMENTS (KOHA)
Source of classification or shelving scheme Dewey Decimal Classification
Koha item type Books
Holdings
Withdrawn status Lost status Source of classification or shelving scheme Damaged status Not for loan Collection code Home library Current library Date acquired SGTU Total Checkouts Full call number Accession No. (Barcode) Date last seen Bill Date Koha item type
    Dewey Decimal Classification     COMMERCE MANAGEMENT SGT Science & Social Sciences Library SGT Science & Social Sciences Library 25/05/2022 SGTU   658.7 VAR CM6691 25/05/2022 25/05/2022 Books